000 02551cad a22002415a 4500
001 L148161
008 090810e20090713xxk f f000 0 eng d
035 _a(Sirsi) u148161
041 0 _aeng
050 0 4 _a711.1 $2 18
110 1 _aUnited Kingdom
_bParliament
_bHouse of Commons
_bCommunities and Local Government Committee
_95139
245 0 0 _aCommunities and Local Government Committee
_btenth report, need and impact: planning for town centres
_h[electronic resource]
260 _aLondon
_bUK Parliament
_c2009
505 2 _aTerms of reference -- 1. Introduction -- The Barker Review of land-use planning -- Planning White Paper -- Proposed changes -- Our inquiry -- 2. The Government's proposed changes -- Current policy on planning for town centres -- The proposed changes: Consumer choice; Practice guidance -- 3. Justification for the changes -- Adverse effects of 'the need test' -- Kate Barker's evidence -- Use of the need test -- Other witnesses' view of the case for change -- Timing of the proposed changes -- 4. Effects of the changes -- 'Town centre first' - Increase in the amount of out-of-town development -- Subjective nature of the new 'impact assessment framework': Monitoring the effects of the changes -- Capacity of local planning authorities: Potential solutions -- 5. Conclusions -- Conclusions and recommendations -- Formal minutes -- Witnesses -- List of written evidence -- List of reports from the Committee during the current Parliament
520 _aPresents the Communities and Local Government Committee's views on proposed Government changes to town centre planning policy, particularly the removal of the 'need test' and the introduction of a new "impact assessment framework". The Barker review of land-use planning encouraged the removal of the 'need test', a requirement for the applicant to demonstrate the need for further development which is not being met by existing facilities in a particular area. Suggests that its removal would create important risk to town centres. Recommends a close monitoring of the effects of the changes.
521 _aAdvanced
590 _aKA
651 4 _aUnited Kingdom
_y
690 _aENVIRONMENTAL AND LAND CONSULTANCY-PLANNING AND DEVELOPMENT
690 _aPROPERTY-COMMERCIAL PROPERTY-RETAIL PROPERTY-TOWN CENTRE RETAIL PROPERTY-TOWN CENTRE SHOPPING CENTRE, MALL AND ARCADE PROPERTY
856 4 0 _uhttps://www.publications.parliament.uk/pa/cm200809/cmselect/cmcomloc/517/51702.htm
_zView the item free of charge at www.publications.parliament.uk...
942 _n0
999 _c109920
_d109920